| 000 | 00366nam a2200133Ia 4500 | ||
|---|---|---|---|
| 008 | 220216s9999 xx 000 0 und d | ||
| 100 | _aMorrell S H | ||
| 245 | 0 | _aCrystallisation and tensile strength of vulcanised natural rubber compounds | |
| 260 |
_bIRI Transactions _c1952 |
||
| 300 | _a269-277 | ||
| 650 | _aCrystallisation | ||
| 700 | _aStern J | ||
| 942 | _cJS | ||
| 999 |
_c56592 _d56592 |
||